000 00284nam a22001337a 4500
008 170719b xxu||||| |||| 00| 0 eng d
020 _a080062548X
041 _aeng
080 _a2
100 _a24
101 _aTEO
245 _aPROFESSING THE FAITH
_cHALL, D.J
942 _2udc
_cBK
999 _c21622
_d21622